| 000 -ლიდერი |
| ფიქსირებული სიგრძის საკონტროლო ველი |
01380nam a2200277Ia 4500 |
| 001 - საკონტროლო ნომერი |
| საკონტროლო ველი |
14560 |
| 003 - საკონტროლო ნომრის იდენტიფიკატორი |
| საკონტროლო ველი |
GE_BSU |
| 005 - ბოლო ოპერაციის თარიღი და დრო |
| საკონტროლო ველი |
20241119105948.0 |
| 008 - ფიქსირებული სიგრძის მონაცემთა ელემენტები - ზოგადი ინფორმაცია |
| ფიქსირებული სიგრძის საკონტროლო ველი |
181216s2012||||ge |||||||||||||| ||geo|| |
| 020 ## - წიგნის საერთაშორისო სტანდარტული ნომერი |
| International Standard Book Number |
9789941180910 |
| 040 ## - კატალოგიზაციის წყარო |
| Transcribing agency |
GE_BSU |
| 041 ## - ენის კოდი |
| Language code of text/sound track or separate title |
geo |
| 080 ## - უნივერსალური ათობითი კლასიფიკაციის ინდექსი |
| Universal Decimal Classification number |
575.112(075.8) ს-95 |
| 100 ## - მთავარი ჩანაწერი - პიროვნების სახელი |
| Personal name |
სუნი, ძინ |
| 9 (RLIN) |
23728 |
| 245 ## - ცნობა სათაურის შესახებ |
| Title |
ბიოინფორმატიკის საფუძვლები : |
| Remainder of title |
[სახელმძღვ.] / |
| Statement of responsibility, etc |
ძინ სუნი ; [მთარგმნ. რუსუდან მამრაძე ; რედ. : ირმა რევიშვილი [და სხვ.]]. |
| 264 ## - წარმოების, გამოცემის, დისტრიბუციის და სხვა ცნობები |
| გამოცემის, წარმოების, დისტრიბუციის... ადგილი |
თბილისი : |
| გამოცემის, წარმოების, დისტრიბუციის... სახელწოდება |
ილიას სახ-ფო უნ-ტი, |
| გამოცემის, წარმოების, დისტრიბუციის... თარიღი |
2012. |
| 300 ## - ფიზიკური აღწერა |
| Extent |
467გვ. : |
| Other physical details |
სურ. ; |
| Dimensions |
23 სმ. |
| 500 ## - ზოგადი შენიშვნა |
| General note |
დანართები : გვ. 407-452 |
| 500 ## - ზოგადი შენიშვნა |
| General note |
საძიებელი : გვ. 453-467 |
| 653 ## - INDEX TERM--UNCONTROLLED |
| Uncontrolled term |
ბიოინფორმატიკის საფუძვლები |
| 653 ## - INDEX TERM--UNCONTROLLED |
| Uncontrolled term |
ბიოინფორმატიკა |
| 700 ## - ADDED ENTRY--PERSONAL NAME |
| Relator code |
მამრაძე, რუსუდან |
| Dates associated with a name |
მთარგმნელი |
| 9 (RLIN) |
23729 |
| 700 ## - ADDED ENTRY--PERSONAL NAME |
| Personal name |
შანშიაშვილი, ლალი |
| Relator term |
რედაქტორი |
| 9 (RLIN) |
23730 |
| 700 ## - ADDED ENTRY--PERSONAL NAME |
| Personal name |
ნემსაძე, მანანა |
| Relator term |
რედაქტორი |
| 9 (RLIN) |
21516 |
| 942 ## - ADDED ENTRY ELEMENTS (KOHA) |
| Koha item type |
წიგნი |
| Source of classification or shelving scheme |
|